Регионална библиотека "Любен Каравелов" - Русе

Короли шахматного мира (Запис номер 101381)

MARC детайли
000 -Лидер
Контролно поле с фиксирана дължина 01408nam a2200373 c 4500
003 - Код на организацията, давaща контролен номер
Контролно поле BLK
005 - Дата и час на последна редакция
Контролно поле 20180420230103.0
008 - Елементи от данни с фиксирана дължина
fixed length control field 180409b bul|||||r ||||||| ||bul||
010 ## - Наследен системен номер
LC control number KNG00106426000
020 ## - Международен стандартен номер на книга ISBN
Международен стандартен номер на книга ISBN 5-85270-233-1
-- издат.: Большая Рос. энцикл.
040 ## - Източник на каталожния запис
Идентификатор на билиотеката - собственик на записа BLK
041 ## - Код за език
Код за езика на текст/звукозапис или на отделно заглавие Руски
Код за езика КДБФ Руски
080 ## - УДК
Текстов определител УДК Шахмат
УДК код - определител по УДК 794.1
УДК определител (100)(092)(035)
УДК - код + определител 794.1(100)(092)(035)
080 ## - УДК
Текстов определител УДК Биографии
УДК код - определител по УДК 929
УДК определител (100)
УДК - код + определител 929(100)
100 1# - Редна дума - Автор
Автор Линдер, В. И.
Авторска отговорност първи автор
R(LIN) 308806
139 ## - Редно поле
Редна дума Линдер, В. И. и др.
Авторски знак Линд - Л 63
245 10 - Сведения за заглавието
Заглавие Короли шахматного мира
Подзаглавни данни Жизнь и игра сквозь призму энцикл.
Редно поле (дума) В. И. Линдер; съавт. И. М. Линдер.
257 ## - Страна на издаване
Страна на създаване/издаване Русия
260 ## - Област на издателските данни
-- Москва
Име на издателя, разпространителя и проч. Большая Рос. энцикл.
Година на издаване 2001
Печатница Ярославль : ОАО Ярославский ПК
300 ## - Физическа характеристика
Страници 973 с.
Илюстрации и др. с ил.
380 ## - Жанр
Жанр 793/799 Спорт
500 ## - Общи забележки
Забележка Офс. изд. - 30 000 тир.
650 #4 - Допълнително описание по предмет – тема
Основно описание – тема или топоним Шахмат - енциклопедии и справочници
9 (RLIN) 260387
650 #4 - Допълнително описание по предмет – тема
Основно описание – тема или топоним Шахматисти
9 (RLIN) 177778
653 ## - Ключова дума – ненормативна
Ключова дума шахмат
653 ## - Ключова дума – ненормативна
Ключова дума шахматисти
653 ## - Ключова дума – ненормативна
Ключова дума енциклопедии
700 1# - Други автори (авторска отговорност)
Лично име Линдер, И. М.
Автороска отговорност (Описва отношението между автора и произведението) съавт.
9 (RLIN) 308807
852 ## - Местоположение
Форматна сигнатура Цб ІІ 12015
856 4# - Електронен адрес и достъп
Електронен формат pdf - файл
Път до файла /url/
856 4# - Електронен адрес и достъп
Електронен формат pdf - файл
Път до файла /url/
942 ## - АРТИКУЛИ
Вид на библиотечния материал Книги
Скрит в OPAC Не
944 ## - СЪЗДАВАНЕ И РЕДАКЦИЯ на ЗАПИСА
Създаване/Редакция Създаване
Дата на регистрацията/редакция 01.01.2001
Служител, извършил регистрацията/редакцията
944 ## - СЪЗДАВАНЕ И РЕДАКЦИЯ на ЗАПИСА
Създаване/Редакция Редакция
Дата на регистрацията/редакция 10.06.2003
Служител, извършил регистрацията/редакцията
999 ## - СИСТЕМНИ КОНТРОЛНИ НОМЕРА
Koha biblionumber 101381
Koha biblioitemnumber 101381
Наличности
Код за отписване Код за изгубен артикул Източник на класификационната схема Код за повреда Коз за рестрикции Код за отдаване Артикулен № Име на библиотеката - собственик Име на библиотеката, в която се намира в момента Статус (Текущо местоположение) Дата на вписване в системата Местоположение - отдел Цена в лева Инвентарен номер Систематично азбучна сигнатура Баркод Номер на екземпляра Цена в евро Служебна бележка Служебен тип на артикула
  Не е изгубен Universal Decimal Classification Не е повреден без рестрикции ползва се в читалня 163251 Регионална библиотека "Любен Каравелов" Русе Регионална библиотека "Любен Каравелов" Русе Читалня - справочен фонд 2003-06-03 Читалня 40.00 120000676550 СЧ 794/Л 63 120000676550 1 20.45 Дост: Pk Вид: Ф N: 742 Дата: 10.07.2002 Дата инв: 20.03.2017 Бележки инв: СЧ2017 Книги
Vip Innovations Ltd, Rousse, Bulgaria 2025